| 000 | 00760nac a22002537a 4500 | ||
|---|---|---|---|
| 001 | BR9500772 | ||
| 003 | BR-BrBNA | ||
| 005 | 20240105121611.0 | ||
| 008 | 230509b bl.|||m| |||| 00| 0 por d | ||
| 040 |
_aBR-BrBNA _bpor _cBiblioteca Nacional de Agricultura |
||
| 072 | _aL01; L02 | ||
| 090 | _a6100 BR9500772 | ||
| 100 | 1 | _aFonseca, H.J.S. | |
| 110 | 1 | _aServico de Informacao Agricola, Rio de Janeiro, GB (Brasil) | |
| 245 | 1 | _aConfinamento de galinhas, instalacoes e alimentacao | |
| 260 | 3 |
_aRio de Janeiro, GB (Brasil): _c1952. |
|
| 300 | _a68 p. | ||
| 490 |
_aSIA (Brazil) _vno. 786 _x |
||
| 650 | _aGalinha | ||
| 650 | _aConfinamento | ||
| 650 | _aNutricao Animal | ||
| 909 |
_a202312 _bLúcia Elande _c55 _dLúcia Elande |
||
| 942 |
_2AGRIS _n0 _cMS |
||
| 999 |
_c286257 _d286257 |
||